[Event "Bresso op 6th"]
[Site "Bresso"]
[Date "2007.06.17"]
[Round "6"]
[White "Garlera, Marco"]
[Black "D'Aulisa, Francesco"]
[Result "1-0"]
[WhiteElo "1478"]
[BlackElo "1856"]
[PlyCount "67"]
[EventDate "2007.06.14"]
[EventType "swiss"]
[EventRounds "6"]
[EventCountry "ITA"]
[SourceTitle "EXT 2010"]
[Source "ChessBase"]
[SourceDate "2010.11.25"]
[SourceVersion "1"]
[SourceVersionDate "2010.11.25"]
[SourceQuality "1"]

1. e4 d6 2. d4 e6 3. Nf3 h6 4. Nc3 a6 5. Bf4 Nd7 6. Be2 Ne7 7. Qd2 b6 8. 0-0 Bb7 9. a3 g5 10. Be3 Ng6 11. g3 Be7 12. Ne1 e5 13. Bh5 Rg8 14. dxe5 dxe5 15. Rd1 Nf6 16. Bf3 Bd6 17. Nd5 Nf4 18. Nxf6+ Qxf6 19. Bxb6 Rd8 20. Qe3 Bc8 21. Bc5 Bh3 22. Bg2 Bxg2 23. Nxg2 Nh3+ 24. Kh1 g4 25. Nh4 Rg5 26. Nf5 Rh5 27. Bxd6 Ng5 28. Bxc7 Nf3 29. Rxd8+ Qxd8 30. Ng7+ Kf8 31. Nxh5 Qxc7 32. Qxh6+ Ke7 33. Qf6+ Kd7 34. Qxf7+ 1-0

[Event "Bresso op 6th"]
[Site "Bresso"]
[Date "2007.06.16"]
[Round "4"]
[White "Garlera, Marco"]
[Black "Brighenti, Alessandro"]
[Result "1-0"]
[WhiteElo "1478"]
[BlackElo "1597"]
[PlyCount "96"]
[EventDate "2007.06.14"]
[EventType "swiss"]
[EventRounds "6"]
[EventCountry "ITA"]
[SourceTitle "EXT 2010"]
[Source "ChessBase"]
[SourceDate "2010.11.25"]
[SourceVersion "1"]
[SourceVersionDate "2010.11.25"]
[SourceQuality "1"]

1. e4 e5 2. Nc3 Nf6 3. g3 Nc6 4. Bg2 d6 5. Nge2 Bg4 6. 0-0 Qd7 7. d3 0-0-0 8. Be3 Bh3 9. Qd2 Bxg2 10. Kxg2 Be7 11. h3 d5 12. exd5 Nxd5 13. a3 Nxe3+ 14. Qxe3 Nd4 15. Kh2 Bf6 16. Ne4 b6 17. Nxd4 exd4 18. Qf3 Qd5 19. Qg4+ Kb8 20. Nxf6 gxf6 21. Rfe1 Rde8 22. Qf4 Re6 23. Rxe6 Qxe6 24. Qxd4 Re8 25. c4 Kc8 26. Rf1 Rd8 27. Qc3 Qf5 28. d4 Re8 29. Qd2 Qe4 30. Kg1 Qe2 31. Qxe2 Rxe2 32. b3 Kd7 33. Rd1 Rb2 34. Rd3 Rb1+ 35. Kg2 Re1 36. Re3 Rd1 37. Re4 Rd3 38. Rf4 Rxb3 39. Rxf6 Ke7 40. Rc6 Kd7 41. Rf6 Ke7 42. Rc6 Kd7 43. Rh6 Rxa3 44. Rxh7 Ke7 45. g4 Ra4 46. g5 Ra5 47. h4 Ke8 48. Rh8+ Ke7 1-0

[Event "Bresso op 5th"]
[Site "Bresso"]
[Date "2006.06.17"]
[Round "3"]
[White "Garlera, Marco"]
[Black "Marinone, Lucio"]
[Result "0-1"]
[WhiteElo "1499"]
[BlackElo "1940"]
[PlyCount "62"]
[EventDate "2006.06.15"]
[EventType "swiss"]
[EventRounds "6"]
[EventCountry "ITA"]
[SourceTitle "CBM 112 Extra"]
[Source "ChessBase"]
[SourceDate "2006.07.14"]
[SourceVersion "1"]
[SourceVersionDate "2006.07.14"]
[SourceQuality "1"]

1. d4 Nf6 2. c4 g6 3. Nc3 d5 4. Bg5 Bg7 5. e3 Ne4 6. Nxe4 dxe4 7. Qc2 c5 8. 0-0-0 Qa5 9. Qxe4 Nc6 10. a3 Bf5 11. Qd5 Rd8 12. Qxc5 Qxc5 13. dxc5 Bxb2+ 14. Kxb2 Rxd1 15. Be2 Rd2+ 16. Kc3 Rc2+ 17. Kb3 b6 18. cxb6 axb6 19. g4 Na5+ 20. Kb4 Be6 21. Bd3 Rb2+ 22. Kc3 Rb3+ 23. Kc2 f6 24. Bf4 Kf7 25. Ne2 Rxa3 26. Nd4 Bxc4 27. Bxc4+ Nxc4 28. Bg3 Rc8 29. Kb1 e5 30. Nc2 Rb3+ 31. Kc1 Na3 0-1